Cultura, ideología y sociedad /
Guardado en:
| Andre forfattere: | |
|---|---|
| Format: | Ukendt |
| Sprog: | Spanish |
| Udgivet: |
La Habana, Cuba :
Arte y literatura,
1983.
|
| Udgivelse: | 1 edición |
| Fag: | |
| Tags: |
Tilføj Tag
Ingen Tags, Vær først til at tagge denne postø!
|
MARC
| LEADER | 000000000a22000000004500 | ||
|---|---|---|---|
| 001 | 006047 | ||
| 041 | 0 | |a spa | |
| 082 | 0 | 4 | |a 361.6 |b C968c |
| 245 | 1 | 0 | |a Cultura, ideología y sociedad / |c Desiderio Navarro, seleccionador. |
| 250 | |a 1 edición | ||
| 260 | 1 | |a La Habana, Cuba : |b Arte y literatura, |c 1983. | |
| 300 | |a 180 páginas | ||
| 500 | |a La biblioteca contiene otro ejemplar con número de inscripción 10136 | ||
| 505 | |a Contenido: El concepto de cultura en Carlos Marx / Antonina Kloskowska -- El mundo y el hombre / Igor Hrusowsky -- Por el desarrollo de la teoría marxista de la cultura / C.I. Gulian -- Cultura, ideología y arte / Tódor Pávlov -- Sobre la función cultural del arte / Horst Redeker -- Carta de respuesta a Arnold Toynbee / Nicolái I. Konrad -- El socialismo y la cultura mundial / Miklós Szabolcsi | ||
| 650 | 4 | |a SOCIALISMO Y CULTURA | |
| 700 | 1 | |a Navarro, Desiderio, |e seleccionador | |
| 999 | |c 11849 |d 11849 | ||
| 942 | |c BK |h 361.6 C968c |2 z | ||
